Till Forever Falls Apart - Ashe, FINNEAS - Statistics

General Stats
  • This quiz has been taken 84 times
  • The average score is 281 of 307
Answer Stats
Hint Answer % Correct
a
100%
the
100%
I
98%
and
97%
california
97%
falls
97%
know
97%
that
97%
you
97%
apart
95%
be
95%
for
95%
glad
95%
got
95%
if
95%
Chorus If
95%
i'm
95%
me
95%
on
95%
so
95%
Verse 2 So
95%
takes
95%
to
95%
we
95%
Bridge We
95%
we're
95%
were
95%
forever
94%
in
94%
it
94%
i've
94%
love
94%
my
94%
'til
94%
you've
94%
alone
92%
Pre Chorus 'Cause
92%
fallin'
92%
hold
92%
is
92%
not
92%
our
92%
Verse 1 Out
92%
out
92%
own
92%
sky
92%
ya
92%
your
92%
all
91%
been
91%
best
91%
both
91%
from
91%
had
91%
mine
91%
we've
91%
world
91%
control
89%
into
89%
lifetime
89%
livin'
89%
this
89%
time
89%
while
89%
above
88%
how
88%
i'll
88%
of
88%
oh
88%
tide
88%
ends
86%
line
86%
with
86%
but
85%
givin'
85%
heart
85%
heaven
85%
sorry
85%
dreamin'
83%
friends
83%
more
83%
spent
83%
swear
83%
than
83%
there's
83%
anybody
82%
guess
82%
nothing
82%
romantic
82%
shit
82%
spend
82%
yours
82%
dyin'
80%
else
80%
minute
80%
that's
80%
hits
78%
fan
77%
myself
77%
it's
75%
fault
74%
want
72%
start
71%
us
71%
do
69%
lovin'
68%
never
66%
death
65%
part
65%
wouln't
5%
No matching quizzes found
Score Distribution
Percent of People with Each Score
Percentile by Number Answered
Your Score History
You have not taken this quiz